000 00611nam a2200241Ia 4500
003 OSt
005 20221007100910.0
006 a|||||r|||| 00| 0
007 ta
008 221006b |||||||| |||| 00| 0 eng d
024 _a5,403
037 _cTextual
040 _aLCO
_cLCO
_beng
041 _2eng
_aeng
082 _aZ3,916, K9
100 _aREDDY P J
_9702253
245 0 _aQuest of justice
260 _aMadras
_bMadras law journal office
_c1969
300 _a240
650 _aQUEST OF JUSTICE
_9702254
942 _hZ3,916, K9
_cTEXL
999 _c1174966
_d1174966